| 000 | 01965nam a2200145Ia 4500 | ||
|---|---|---|---|
| 005 | 20260209120132.0 | ||
| 008 | 260209s9999||||xx |||||||||||||| ||und|| | ||
| 100 | _aRicha Umakant Chaturvedi | ||
| 245 | 0 | _aNon-performing assets of banking companies and securitization in India | |
| 260 |
_aBangaloreBangalore _bNLSIU _c2013 |
||
| 300 | _a114 p. ; 25 cm. | ||
| 505 | _aTABLE OF CONTENTS CERTIFICATE; ACKNOWLEDGEMENT; DECLARATION ; RESEARCH METHODOLOGY; CHAPTERISATION ; ABBREVIATIONS ; LIST OF CASES; Chapter 1 INTRODUCTION ; Meaning; Defining Secularization; Origin of secularization; Advantages and disadvantages of Secularization; Assets that can be secularized; CHAPTER 2: WHY SECULARIZATION IS NEEDED? ; CHAPTER 3: PROCEDURE OF SECULARIZATION ; Parties to Secularization; Procedure of Secularization; Pass Through and Pay Through Structure; CHAPTER 4: THE NON PERFORMING ASSETS ; Meaning; Reasons for Accumulation of Non-Performing Assets; Classification of Assets as Non-Performing; Asset Classification; Gross and Net NPA; Non- Performing Assets: Their Implications in Indian Economy; Measures to Control NPAs in India by Reserve Bank of India; NPA Recovery and the Road Ahead; CHAPTER 5: A Study On Recovery Of Debts Due To Financial Institutions AND SARFAESI Act. ; Recovery of Debts Due to Banks and Financial Institutions Act, 1993; Salient features of the Recovery of Banks Due to Financial Institutions Act, 1993; SARFAESI Act; Salient Features of SARFAESI Act, 2002; CHAPTER 6: SECULARIZATION IN INDIA: DO WE HAVE ADEQUATE SYSTEM; IN PLACE TO CURB RISING NPAS? ; Development in the Secularization Regime in India: A Study of Landmark Cases; Latest developments in the Secularization Regime in India; Issues hindering the sound secularization regime in India; CHAPTER 7: CONCLUSION ; CHAPTER 8:BIBLIOGRAPHY. | ||
| 700 | _aProf. M.P.Padmanabha Pillai - GuideProf. M.P.Padmanabha Pillai - Guide | ||
| 856 | _uhttps://dans.nls.ac.in/handle/123456789/1814 | ||
| 999 |
_c217089 _d217089 |
||